<?xml version="1.0" encoding="UTF-8"?>
<record
    xmlns:xsi="http://www.w3.org/2001/XMLSchema-instance"
    xsi:schemaLocation="http://www.loc.gov/MARC21/slim http://www.loc.gov/standards/marcxml/schema/MARC21slim.xsd"
    xmlns="http://www.loc.gov/MARC21/slim">

  <leader>00709nam a22001937a 4500</leader>
  <controlfield tag="005">20240722115005.0</controlfield>
  <controlfield tag="008">240722b           ||||| |||| 00| 0 eng d</controlfield>
  <datafield tag="020" ind1=" " ind2=" ">
    <subfield code="a">9780801678837</subfield>
  </datafield>
  <datafield tag="050" ind1=" " ind2=" ">
    <subfield code="a">RG951.M42(4e)</subfield>
  </datafield>
  <datafield tag="100" ind1=" " ind2=" ">
    <subfield code="9">Bobak, Irene M.</subfield>
    <subfield code="d">1995</subfield>
  </datafield>
  <datafield tag="245" ind1=" " ind2=" ">
    <subfield code="a">Maternity nursing</subfield>
    <subfield code="c">Irene M. Bobak</subfield>
  </datafield>
  <datafield tag="250" ind1=" " ind2=" ">
    <subfield code="a">4th ed.</subfield>
  </datafield>
  <datafield tag="260" ind1=" " ind2=" ">
    <subfield code="a">st. Louis:</subfield>
    <subfield code="b">Mosby,</subfield>
    <subfield code="c">1995.</subfield>
  </datafield>
  <datafield tag="300" ind1=" " ind2=" ">
    <subfield code="a">xxv;989p.:</subfield>
    <subfield code="b">ill.: col.</subfield>
    <subfield code="c">27cm</subfield>
  </datafield>
  <datafield tag="505" ind1=" " ind2=" ">
    <subfield code="a">Content: Introduction to maternity nursing -- Pregnancy -- Childbirth -- The newborn -- Postpartum period -- Complication of childbearing -- Complication of the newborn -- Women's health --</subfield>
  </datafield>
  <datafield tag="700" ind1=" " ind2=" ">
    <subfield code="a">Lowdermilk Deitra L. </subfield>
    <subfield code="9">2929</subfield>
  </datafield>
  <datafield tag="700" ind1=" " ind2=" ">
    <subfield code="a">Jensen M. Duncan</subfield>
    <subfield code="9">2930</subfield>
  </datafield>
  <datafield tag="942" ind1=" " ind2=" ">
    <subfield code="2">lcc</subfield>
    <subfield code="c">BK</subfield>
  </datafield>
  <datafield tag="999" ind1=" " ind2=" ">
    <subfield code="c">10326</subfield>
    <subfield code="d">17826</subfield>
  </datafield>
  <datafield tag="952" ind1=" " ind2=" ">
    <subfield code="0">0</subfield>
    <subfield code="1">0</subfield>
    <subfield code="2">lcc</subfield>
    <subfield code="4">0</subfield>
    <subfield code="7">0</subfield>
    <subfield code="a">WIUC-1</subfield>
    <subfield code="b">WIUC-1</subfield>
    <subfield code="c">NURS L.</subfield>
    <subfield code="d">2024-07-22</subfield>
    <subfield code="l">0</subfield>
    <subfield code="o">RG951.M42(4ed)</subfield>
    <subfield code="p">NURS/900/080/24</subfield>
    <subfield code="r">2024-07-22 00:00:00</subfield>
    <subfield code="t">1</subfield>
    <subfield code="w">2024-07-22</subfield>
    <subfield code="y">BK</subfield>
  </datafield>
</record>
